100 réalisateurs - Statistiques

Statistiques générales
  • Ce quiz a été pris 952 fois
  • Le résultat moyen est 42 sur 100
Statistiques - réponses
Par images Réponse % Correct
Quentin Tarantino
94%
Alfred Hitchcock
93%
Charlie Chaplin
93%
Steven Spielberg
93%
Clint Eastwood
86%
Alain Chabat
83%
Christopher Nolan
83%
Martin Scorsese
83%
Stanley Kubrick
82%
Guillaume Canet
80%
Tim Burton
80%
Georges Lucas
78%
Ladj Ly
78%
Francis Ford Coppola
74%
James Cameron
73%
Woody Allen
71%
Wes Anderson
70%
David Lynch
68%
Bong Joon-ho
66%
Edouard Baer
66%
Matthieu Kassovitz
66%
Spike Lee
66%
Hayao Miyazaki
63%
Alexandre Astier
62%
Guillermo del Toro
62%
François Truffaut
60%
Xavier Dolan
59%
David Fincher
56%
Mel Gibson
56%
Orson Welles
55%
M. Night Shyamalan
54%
Ridley Scott
53%
Albert Dupontel
52%
Denis Villeneuve
52%
Georges Méliès
52%
Les frères Coen
52%
Michel Hazanavicius
51%
Quentin Dupieux
50%
Damien Chazelle
49%
Pedro Almodovar
47%
Claude Lelouch
46%
Mouloud Achour
46%
Taika Waititi
46%
Roberto Benigni
45%
Jordan Peele
44%
Toledano et Nakache
43%
Sergio Leone
41%
Gaspar Noë
39%
Akira Kurosawa
37%
Brian de Palma
37%
Michael Bay
37%
Jacques Audiard
36%
Abdellatif Kechiche
34%
Lars von Trier
34%
Michel Gondry
34%
Frederico Fellini
33%
Walt Disney
33%
Bertrand Blier
32%
John Carpenter
32%
Frédéric Beigbeder
31%
Zack Snyder
31%
Costa-Gavras
30%
Jean-Pierre Jeunet
30%
Robert Zemeckis
30%
Alfonso Cuaron
29%
Danny Boyle
29%
Park Chan-Wook
29%
David Cronenberg
28%
Romain Gavras
27%
Fritz Lang
26%
Seth Rogen
26%
Jacques Tati
25%
James Wan
25%
Ari Aster
23%
Guy Ritchie
22%
Terry Gilliam
22%
Jean-Jacques Annaud
21%
Pier Paolo Pasolini
19%
Todd Phillips
17%
Alain Resnais
16%
Luchino Visconti
15%
Kim Chapiron
14%
Paul Verhoeven
14%
David Lean
12%
Rainer W. Fassbinder
12%
Sidney Lumet
12%
David Yates
11%
Francis Veber
11%
Friedrich Murnau
11%
Jonathan Barré
11%
Isao Takahata
10%
Michel Ocelot
10%
Bernardo Bertolucci
9%
Peter Weir
9%
Pete Docter
8%
Ernst Lubitsch
7%
Les frères Farrelly
7%
Tobe Hooper
6%
Ingmar Bregman
5%
Stanley Donen
5%
Aucun quiz correspondant
Distribution des résultats
% des personnes avec chaque résultat
Percentile par nombre de réponses
Votre historique - résultats
Vous n’avez pas pris ce quiz